Central Library OPAC University of Rajshahi

الكامل في النحو والصرف والاعراب ;; al-Kamil fi al-nahw wa-al-sarf wa-al-i`rab / (Record no. 78209)

MARC details
000 -LEADER
fixed length control field 00873nam a2200253 i 4500
001 - CONTROL NUMBER
control field 78209
003 - CONTROL NUMBER IDENTIFIER
rucl marc code BD-RjUL
005 - DATE AND TIME OF LATEST TRANSACTION
control field 20211209083114.0
008 - FIXED-LENGTH DATA ELEMENTS--GENERAL INFORMATION
fixed length control field 210811s1974 la a ||| | ara d
035 ## - SYSTEM CONTROL NUMBER
System control number (BD-RjUL)78435
040 ## - CATALOGING SOURCE
Original cataloging agency UkOxU
Language of cataloging eng
Description conventions rda
Transcribing agency UkOxU
041 ## - LANGUAGE CODE
Language code of text/sound track or separate title eng
082 ## - DEWEY DECIMAL CLASSIFICATION NUMBER
Edition number 23
Classification number 492.7072
Author mark and year QAA 1973
100 1# - MAIN ENTRY--PERSONAL NAME
Personal name قلب, أحمد ;; Qabbish, Aḥmad,
Relator term author.
9 (RLIN) 247005
245 13 - TITLE STATEMENT
Title الكامل في النحو والصرف والاعراب ;; al-Kamil fi al-nahw wa-al-sarf wa-al-i`rab /
Statement of responsibility, etc. تأليف أحمد قبش.;; Ahmad Qabbish.
250 ## - EDITION STATEMENT
Edition statement al-Ṭabʻah al-sāniah.
264 #1 - PRODUCTION, PUBLICATION, DISTRIBUTION, MANUFACTURE, AND COPYRIGHT NOTICE
Place of production, publication, distribution, manufacture Lebanon :
Name of producer, publisher, distributor, manufacturer Dār al,-jil
Date of production, publication, distribution, manufacture, or copyright notice 1974
300 ## - PHYSICAL DESCRIPTION
Pagination 370 pages :
Illustrations illustrations ;
Size 25 cm
336 ## - CONTENT TYPE
Content type term text
Source rdacontent
337 ## - MEDIA TYPE
Media type term unmediated
Source rdamedia
338 ## - CARRIER TYPE
Carrier type term volume
Source rdacarrier
650 #0 - SUBJECT ADDED ENTRY--TOPICAL TERM
Topical term or geographic name as entry element Arabic language
General subdivision Study and teaching
9 (RLIN) 247006
942 ## - ADDED ENTRY ELEMENTS (KOHA)
Source of classification or shelving scheme Dewey Decimal Classification
Koha item type Books
Holdings
Lost status Source of classification or shelving scheme Damaged status Not for loan Collection code Permanent Location Current Location Shelving location Date acquired Source of acquisition Cost, normal purchase price Total Checkouts Full call number Date last seen Copy number Koha item type
  Dewey Decimal Classification     Non-fiction Central Library, University of Rajshahi Central Library, University of Rajshahi Reading Room 16/06/2008 Dhaka , Maktabatul arabia 350.00   A 492.7072 QAA 1973 11/08/2021 C-1 Books